[Event "Barcelona La Lira op 38th"]
[Site "Barcelona"]
[Date "2020.02.21"]
[Round "6"]
[White "Sanchez Coves, Juan Josep"]
[Black "Genoves Dexeus, David"]
[Result "1-0"]
[WhiteElo "1509"]
[BlackElo "1646"]
[PlyCount "59"]
[EventDate "2020.01.17"]
[EventType "swiss"]
[EventRounds "8"]
[EventCountry "ESP"]
[SourceTitle "CBM 195 Extra"]
[Source "ChessBase"]
[SourceDate "2020.05.31"]
[SourceVersion "1"]
[SourceVersionDate "2020.05.31"]
[SourceQuality "1"]

1. e4 e5 2. Nf3 Nf6 3. Bc4 Nc6 4. d4 exd4 5. 0-0 Bc5 6. e5 Ng4 7. Bf4 d6 8. exd6 Qf6 9. Bg5 Qxd6 10. Re1+ Be6 11. h3 h6 12. Bh4 Nge5 13. Nxe5 Nxe5 14. Bxe6 fxe6 15. Qh5+ Nf7 16. Nd2 Bb6 17. Nc4 Qc5 18. Rxe6+ Kf8 19. Be7+ Qxe7 20. Rxe7 Kxe7 21. Re1+ Kf8 22. Ne5 Nxe5 23. Rxe5 c6 24. Qf5+ Kg8 25. Qg6 Rf8 26. Re7 Rh7 27. Qe6+ Kh8 28. Re8 Bc5 29. Rxf8+ Bxf8 30. Qf7 1-0

[Event "Barcelona Sant Marti op 9th"]
[Site "Barcelona"]
[Date "2020.02.20"]
[Round "6"]
[White "Genoves Dexeus, David"]
[Black "Sumed Castillo, Alejandro"]
[Result "0-1"]
[WhiteElo "1646"]
[BlackElo "1466"]
[PlyCount "66"]
[EventDate "2020.01.16"]
[EventType "swiss"]
[EventRounds "9"]
[EventCountry "ESP"]
[SourceTitle "CBM 195 Extra"]
[Source "ChessBase"]
[SourceDate "2020.05.31"]
[SourceVersion "1"]
[SourceVersionDate "2020.05.31"]
[SourceQuality "1"]

1. e4 e6 2. d4 d5 3. e5 c5 4. Be3 cxd4 5. Qxd4 Nc6 6. Qa4 Qa5+ 7. Qxa5 Nxa5 8. Nf3 Ne7 9. Bd3 Ng6 10. 0-0 Nc6 11. Bb5 a6 12. Bxc6+ bxc6 13. Re1 c5 14. c3 Rb8 15. b3 Be7 16. Nbd2 0-0 17. Nf1 f6 18. exf6 Rxf6 19. Rac1 Nf4 20. Ne5 Bd6 21. Bxf4 Rxf4 22. g3 Rf5 23. f4 Bxe5 24. Rxe5 Rxe5 25. fxe5 a5 26. Nd2 Ba6 27. c4 d4 28. Ne4 Rc8 29. Kf2 Bb7 30. Nd6 Rf8+ 31. Ke2 Bc6 32. Rf1 d3+ 33. Ke1 d2+ 0-1

[Event "Barcelona La Lira op 38th"]
[Site "Barcelona"]
[Date "2020.02.07"]
[Round "4"]
[White "Aleksanyan Israelyan, Nicolas"]
[Black "Genoves Dexeus, David"]
[Result "1-0"]
[WhiteElo "1752"]
[BlackElo "1646"]
[PlyCount "91"]
[EventDate "2020.01.17"]
[EventType "swiss"]
[EventRounds "8"]
[EventCountry "ESP"]
[SourceTitle "CBM 195 Extra"]
[Source "ChessBase"]
[SourceDate "2020.05.31"]
[SourceVersion "1"]
[SourceVersionDate "2020.05.31"]
[SourceQuality "1"]

1. e4 e5 2. Nf3 Nf6 3. Nxe5 d6 4. Nf3 Nxe4 5. Nc3 Nxc3 6. dxc3 Bg4 7. h3 Bh5 8. Bf4 Nd7 9. Be2 Be7 10. Qd2 0-0 11. 0-0-0 Bg6 12. g4 Re8 13. h4 Be4 14. g5 Ne5 15. Bxe5 dxe5 16. Qe3 Bd6 17. Qxe4 a5 18. c4 Qe7 19. Bd3 g6 20. h5 a4 21. Rh3 Qe6 22. Rdh1 Kf8 23. hxg6 hxg6 24. Rh8+ Ke7 25. Rxe8+ Rxe8 26. Nd2 b5 27. Rh7 Rg8 28. cxb5 Qxa2 29. Qc4 Qxc4 30. Bxc4 Rf8 31. Ne4 Bb4 32. c3 Ba5 33. Nf6 Bb6 34. Nd5+ Ke8 35. Nxb6 cxb6 36. Kb1 f6 37. gxf6 Rxf6 38. Rh2 Rf4 39. Be2 Ke7 40. Kc2 g5 41. f3 Rh4 42. Rg2 Kf6 43. Rg4 Rxg4 44. fxg4 e4 45. Kd2 Ke5 46. Ke3 1-0

[Event "Barcelona Sant Marti op 9th"]
[Site "Barcelona"]
[Date "2020.01.30"]
[Round "3"]
[White "Genoves Dexeus, David"]
[Black "Climent Vidal, Pere"]
[Result "1/2-1/2"]
[WhiteElo "1646"]
[BlackElo "1485"]
[PlyCount "92"]
[EventDate "2020.01.16"]
[EventType "swiss"]
[EventRounds "9"]
[EventCountry "ESP"]
[SourceTitle "CBM 195 Extra"]
[Source "ChessBase"]
[SourceDate "2020.05.31"]
[SourceVersion "1"]
[SourceVersionDate "2020.05.31"]
[SourceQuality "1"]

1. Nf3 d5 2. d4 e6 3. c4 c6 4. Nc3 Nf6 5. Bf4 Nbd7 6. e3 Nh5 7. Bg3 Bb4 8. cxd5 Qa5 9. Qc2 exd5 10. Bd3 g6 11. 0-0 Nxg3 12. fxg3 0-0 13. Nd1 Re8 14. Ng5 Rf8 15. Nf2 Qd8 16. Ngh3 Nf6 17. Rad1 Re8 18. a3 Bf8 19. e4 dxe4 20. Bxe4 Nxe4 21. Nxe4 Bf5 22. Rf4 Bg7 23. Qd3 Qe7 24. Nhf2 Rad8 25. Qc4 Kf8 26. b4 Be6 27. Qc5 Qxc5 28. Nxc5 Bc8 29. h4 h5 30. Kh2 Bh6 31. Rf3 Be3 32. Nb3 Bf5 33. Na5 Re7 34. Nxb7 Rd5 35. Re1 Bxd4 36. Rxe7 Kxe7 37. Nh3 Bb6 38. Nf4 Rd7 39. Nc5 Bxc5 40. bxc5 Kd8 41. Re3 Re7 42. Rb3 Kc7 43. Kg1 Kc8 44. Kf2 Bg4 45. Rb4 Re5 46. Rc4 Kb7 1/2-1/2

[Event "Barcelona La Lira op 38th"]
[Site "Barcelona"]
[Date "2020.01.24"]
[Round "2"]
[White "Arcas Lopez, Josep Antoni"]
[Black "Genoves Dexeus, David"]
[Result "0-1"]
[WhiteElo "1410"]
[BlackElo "1646"]
[PlyCount "75"]
[EventDate "2020.01.17"]
[EventType "swiss"]
[EventRounds "8"]
[EventCountry "ESP"]
[SourceTitle "CBM 195 Extra"]
[Source "ChessBase"]
[SourceDate "2020.05.31"]
[SourceVersion "1"]
[SourceVersionDate "2020.05.31"]
[SourceQuality "1"]

1. e4 e5 2. Nf3 Nf6 3. Nxe5 d6 4. Nf3 Nxe4 5. Nc3 Nxc3 6. dxc3 g6 7. Be3 Bg7 8. Qd2 0-0 9. 0-0-0 Nc6 10. h4 Bg4 11. Be2 a5 12. Nh2 Bxe2 13. Qxe2 h5 14. g4 hxg4 15. Nxg4 Re8 16. Qd2 Ne5 17. Nxe5 Rxe5 18. Bd4 Rd5 19. Qe3 Rh5 20. Bxg7 Kxg7 21. Qd4+ Kg8 22. Rdg1 c5 23. Qe4 d5 24. Qg4 Kf8 25. Qf4 Ra6 26. Rg5 Rf6 27. Qg3 Rf5 28. Rxf5 Rxf5 29. f4 Qd6 30. Rf1 b5 31. Qf3 c4 32. Qe3 Qe7 33. Qd4 Qxh4 34. Qc5+ Qe7 35. Qxb5 Qe3+ 36. Kd1 d4 37. Qxc4 dxc3 38. Qxc3 0-1

[Event "Barcelona Sant Marti op 9th"]
[Site "Barcelona"]
[Date "2020.01.23"]
[Round "2"]
[White "Fuentes del Pino, Raul"]
[Black "Genoves Dexeus, David"]
[Result "1-0"]
[WhiteElo "1700"]
[BlackElo "1646"]
[PlyCount "48"]
[EventDate "2020.01.16"]
[EventType "swiss"]
[EventRounds "9"]
[EventCountry "ESP"]
[SourceTitle "CBM 195 Extra"]
[Source "ChessBase"]
[SourceDate "2020.05.31"]
[SourceVersion "1"]
[SourceVersionDate "2020.05.31"]
[SourceQuality "1"]

1. d4 Nf6 2. c4 e6 3. Nf3 d5 4. Nc3 Bb4 5. a3 Bxc3+ 6. bxc3 0-0 7. cxd5 exd5 8. Bg5 Re8 9. h3 c6 10. e3 h6 11. Bh4 Bf5 12. Bd3 Bxd3 13. Qxd3 Nbd7 14. Rb1 b5 15. 0-0 Qa5 16. Rb3 Ne4 17. Nh2 Re6 18. Ng4 h5 19. Nh2 Rae8 20. Re1 Qc7 21. Nf1 Nb6 22. Ng3 g5 23. Bxg5 Nxg3 24. f4 Qd7 1-0

[Event "Barcelona La Lira op 38th"]
[Site "Barcelona"]
[Date "2020.01.17"]
[Round "1"]
[White "Genoves Dexeus, David"]
[Black "Villar Reymundo, Juan Antonio"]
[Result "0-1"]
[WhiteElo "1646"]
[BlackElo "2172"]
[PlyCount "50"]
[EventDate "2020.01.17"]
[EventType "swiss"]
[EventRounds "8"]
[EventCountry "ESP"]
[SourceTitle "CBM 195 Extra"]
[Source "ChessBase"]
[SourceDate "2020.05.31"]
[SourceVersion "1"]
[SourceVersionDate "2020.05.31"]
[SourceQuality "1"]

1. Nf3 Nf6 2. c4 b6 3. Nc3 Bb7 4. d4 e6 5. Bg5 Bb4 6. Rc1 h6 7. Bd2 0-0 8. a3 Be7 9. Qc2 d5 10. c5 bxc5 11. dxc5 Bxc5 12. Nb5 Ne4 13. e3 c6 14. b4 Be7 15. Nc3 Nxd2 16. Nxd2 a5 17. Rb1 axb4 18. axb4 Na6 19. b5 Nb4 20. Qb2 c5 21. Nb3 Qb6 22. Rd1 Bf6 23. Qd2 Ra3 24. Nd4 cxd4 25. exd4 Bxd4 0-1

[Event "Barcelona Sant Marti op 8th"]
[Site "Barcelona"]
[Date "2019.02.21"]
[Round "6"]
[White "Mas Recorda, Pere"]
[Black "Genoves Dexeus, David"]
[Result "1/2-1/2"]
[WhiteElo "1965"]
[BlackElo "1636"]
[PlyCount "74"]
[EventDate "2019.01.17"]
[EventType "swiss"]
[EventRounds "9"]
[EventCountry "ESP"]
[SourceTitle "CBM 189 Extra"]
[Source "ChessBase"]
[SourceDate "2019.06.03"]
[SourceVersion "1"]
[SourceVersionDate "2019.06.03"]
[SourceQuality "1"]

1. f4 Nf6 2. Nf3 d5 3. e3 c5 4. Bb5+ Bd7 5. Bxd7+ Nbxd7 6. b3 b5 7. Qe2 b4 8. Bb2 e6 9. 0-0 Be7 10. d3 Rc8 11. Nbd2 a5 12. e4 d4 13. Nc4 0-0 14. Rae1 Qc7 15. Bc1 Rfe8 16. Nfe5 Nf8 17. Kh1 Bd8 18. Rf3 N6d7 19. Ref1 f6 20. Ng4 h5 21. Nf2 Kf7 22. Rh3 g6 23. g4 h4 24. Rxh4 f5 25. Rh3 Bf6 26. e5 Be7 27. Kg1 Nb6 28. Nxb6 Qxb6 29. Nh1 Ra8 30. Rg3 Nd7 31. Rg2 Rh8 32. Ng3 a4 33. Re1 axb3 34. axb3 Bh4 35. Rf1 Qc6 36. Bd2 Nb6 37. gxf5 gxf5 1/2-1/2

[Event "Barcelona Sant Marti op 8th"]
[Site "Barcelona"]
[Date "2019.02.14"]
[Round "5"]
[White "Genoves Dexeus, David"]
[Black "Albert Estebanez, Carles"]
[Result "0-1"]
[WhiteElo "1636"]
[BlackElo "1842"]
[PlyCount "88"]
[EventDate "2019.01.17"]
[EventType "swiss"]
[EventRounds "9"]
[EventCountry "ESP"]
[SourceTitle "CBM 189 Extra"]
[Source "ChessBase"]
[SourceDate "2019.06.03"]
[SourceVersion "1"]
[SourceVersionDate "2019.06.03"]
[SourceQuality "1"]

1. f4 d5 2. Nf3 c5 3. b3 e6 4. Bb2 Nf6 5. e3 Nc6 6. d4 a6 7. Be2 b5 8. 0-0 c4 9. a4 Bb7 10. Ne5 Ne4 11. Nc3 Nxc3 12. Bxc3 Be7 13. f5 0-0 14. Bg4 Nxe5 15. dxe5 exf5 16. Rxf5 Bc8 17. Rh5 Be6 18. Qe2 Qd7 19. Bh3 Rac8 20. Bd4 Rc6 21. axb5 axb5 22. Ra7 Rc7 23. Ra1 Rfc8 24. Rd1 cxb3 25. cxb3 Rc2 26. Qd3 h6 27. Bxe6 Qxe6 28. Rf5 Qg6 29. Qf1 Rxg2+ 30. Qxg2 Qxf5 31. e6 Qg5 32. exf7+ Kxf7 33. Bb6 Ke6 34. h3 Qxg2+ 35. Kxg2 Rc3 36. Rb1 Bc5 37. Bxc5 Rxc5 38. b4 Rc4 39. Kf3 g5 40. Rb3 Ke5 41. Rb2 d4 42. exd4+ Kxd4 43. Rd2+ Kc3 44. Rd6 Rh4 0-1

[Event "Foment Martinenc op-C 16th"]
[Site "Barcelona"]
[Date "2014.05.24"]
[Round "5"]
[White "Padin Jimenez, Oriol"]
[Black "Genoves Dexeus, David"]
[Result "0-1"]
[WhiteElo "1725"]
[BlackElo "1700"]
[PlyCount "94"]
[EventDate "2014.04.26"]
[EventType "swiss"]
[EventRounds "9"]
[EventCountry "ESP"]
[SourceTitle "EXT 2015"]
[Source "ChessBase"]
[SourceDate "2014.11.20"]
[SourceVersion "1"]
[SourceVersionDate "2014.11.20"]
[SourceQuality "1"]

1. e4 e5 2. Nf3 Nc6 3. Nc3 Bc5 4. Nxe5 Nxe5 5. d4 Bd6 6. dxe5 Bxe5 7. Bc4 Nf6 8. 0-0 0-0 9. h3 Bxc3 10. bxc3 Nxe4 11. Bd2 d5 12. Bd3 Re8 13. Re1 Qh4 14. Qe2 Bd7 15. f3 Nxc3 16. Qf1 Qd4+ 17. Qf2 Qxf2+ 18. Kxf2 Nb5 19. Bxb5 Bxb5 20. Re3 d4 21. Re4 c5 22. c4 Rxe4 23. fxe4 Bxc4 24. Rb1 b6 25. a4 Re8 26. Kf3 Bd3 27. Re1 f5 28. exf5 Rxe1 29. Bxe1 Bxf5 30. g4 Bd7 31. a5 b5 32. Ke2 c4 33. Kd2 b4 34. Kc2 d3+ 35. Kc1 c3 36. a6 Bb5 37. h4 Bxa6 38. g5 Bc4 39. h5 a5 40. h6 a4 41. g6 a3 42. gxh7+ Kxh7 43. Bxc3 bxc3 44. Kb1 a2+ 45. Ka1 c2 46. Kb2 a1Q+ 47. Kxa1 c1Q# 0-1

[Event "Foment Martinenc op-C 16th"]
[Site "Barcelona"]
[Date "2014.05.03"]
[Round "2"]
[White "De Blois Afanasiyadi, Natasha"]
[Black "Genoves Dexeus, David"]
[Result "1-0"]
[WhiteElo "1733"]
[BlackElo "1700"]
[PlyCount "53"]
[EventDate "2014.04.26"]
[EventType "swiss"]
[EventRounds "9"]
[EventCountry "ESP"]
[SourceTitle "EXT 2015"]
[Source "ChessBase"]
[SourceDate "2014.11.20"]
[SourceVersion "1"]
[SourceVersionDate "2014.11.20"]
[SourceQuality "1"]

1. e4 e5 2. Nf3 Nc6 3. Bc4 Nf6 4. Ng5 d5 5. exd5 Nxd5 6. Nxf7 Kxf7 7. Qf3+ Qf6 8. Qxd5+ Be6 9. Qd3 Rd8 10. Qb3 Bc5 11. 0-0 Nd4 12. Bxe6+ Qxe6 13. Qd3 h6 14. Nc3 Rhf8 15. Qe4 Kg8 16. Qxb7 Nxc2 17. Rb1 Qf7 18. Qb5 Bxf2+ 19. Kh1 Qh5 20. Qc4+ Rf7 21. Rxf2 Rdf8 22. d3 Kh8 23. Rxf7 Rxf7 24. Kg1 Qf5 25. Bd2 Nd4 26. Be3 Qg4 27. Qxf7 1-0